000 00507nam a22001817a 4500
005 20251108165302.0
008 250721s1992 xx 000 0 ara d
082 1 4 _a928.11/تما
100 1 _aزلوم، حموده
245 1 0 _aأبو تمام الطائي :
_bشاعر الغيث /
264 1 _aعمان :
_bالمؤلف،
_c1992.
300 _a58ص
650 1 7 _aالشعر العباسي
650 1 7 _aالشعر العربي
650 1 7 _aالشعراء
942 _2ddc
_cBK
999 _c24148
_d24148